| 000 | 00389nam a2200169Ia 4500 | ||
|---|---|---|---|
| 008 | 210210b1939 xxu||||| |||| 00| 0 eng d | ||
| 041 | _aeng | ||
| 082 | _a954/404 | ||
| 100 | _aSAUNDERS (K) | ||
| 245 | _aPageant of India | ||
| 260 |
_aLondon _bOxford University Press _c1939 |
||
| 650 | _aPageant | ||
| 650 | _aof | ||
| 650 | _aIndia | ||
| 690 | _aIndian History | ||
| 906 | _a026161 | ||
| 999 |
_c152117 _d152117 |
||